| 000 | 00409nam a22001217a 4500 | ||
|---|---|---|---|
| 082 | _a220 PRO | ||
| 100 |
_aC Uzair Ahmed GC Muhammad Ahmed PC Waseem Alam _973077 |
||
| 245 | _aPR-SOF-1932-Jamming clearance of Barrel of Gun | ||
| 260 |
_aISLAMABAD _bNUST COLLEGE OF EME _c2020 |
||
| 650 | _aDE-COMP-38 | ||
| 700 |
_aProject Supervisors: Dr. Raja Amer Azim Lt Col. Dr. Syed Gul Hasan Naqvi _973078 |
||
| 942 | _cCR | ||
| 999 |
_c578954 _d578954 |
||